América Latina: viejas y nuevas fronteras
Sábháilte in:
| Príomhchruthaitheoir: | |
|---|---|
| Formáid: | LEABHAR |
| Teanga: | Spáinnis |
| Foilsithe / Cruthaithe: |
Río de Janeiro
Vozes
1982
|
| Eagrán: | 2a. ed |
| Ábhair: | |
| Clibeanna: |
Cuir clib leis
Níl clibeanna ann, Bí ar an gcéad duine le clib a chur leis an taifead seo!
|
MARC
| LEADER | 00000nam a2200000 a 4500 | ||
|---|---|---|---|
| 001 | UCW3616 | ||
| 003 | CL-VaPUC | ||
| 008 | 881130e19820000BL |||||||||||||||||spa|d | ||
| 082 | 0 | 4 | |a 338.91 |b HER |2 21 |
| 100 | |a Herrera Lane, Felipe |e autor |9 527387 | ||
| 245 | 1 | 0 | |a América Latina: viejas y nuevas fronteras |
| 250 | |a 2a. ed | ||
| 300 | |a 204 p | ||
| 942 | |c BK | ||
| 945 | |d 19881130 00:00:00 | ||
| 260 | |a Río de Janeiro |b Vozes |c 1982 | ||
| 650 | 0 | |a Aculturación |9 307938 | |
| 650 | 0 | |a COOPERACION ECONOMICA |9 307939 | |
| 650 | 0 | |a Desarrollo económico |9 259599 | |
| 650 | 0 | |a Integración latinoamericana |9 307692 | |
| 651 | 0 | |a América Latina |9 255027 | |
| 583 | |a last modification |c 19881130 00:00:00 |k Rodrigo Vera | ||
| 999 | |c 217561 |d 217559 | ||
| 952 | |0 0 |1 0 |4 0 |6 338_910000000000000_HER_1982 |7 0 |8 A |9 205456 |a BIBHIS |b BIBHIS |d 2019-11-15 |i 2733633 |o 338.91 HER 1982 |p 2733633 |r 2025-01-20 |w 2019-11-15 |y BK |k HIS | ||
| 952 | |0 0 |1 0 |4 0 |6 338_910000000000000_HER_1982 |7 0 |8 A |9 205457 |a BIBENE |b BIBENE |d 2019-11-15 |i 273365K |o 338.91 HER 1982 |p 273365K |r 2025-01-15 |w 2019-11-15 |y BK |k ICO | ||
| 952 | |0 0 |1 0 |4 0 |6 338_910000000000000_HER_1982 |7 0 |8 P |9 205458 |a BIBEDU |b BIBEDU |c BIBEDU_PB |d 2019-11-15 |i 1609483 |o 338.91 HER 1982 |p 1609483 |r 2024-01-25 |w 2019-11-15 |y BK |k EDU | ||
| 952 | |0 0 |1 0 |4 0 |6 338_910000000000000_HER_1982 |7 0 |8 P |9 205459 |a BIBEDU |b BIBEDU |c BIBEDU_PB |d 2019-11-15 |i 3227146 |o 338.91 HER 1982 |p 3227146 |r 2024-01-25 |w 2019-11-15 |y BK |k EDU | ||
| 952 | |0 0 |1 0 |4 0 |6 338_910000000000000_HER_1982 |7 0 |8 A |9 205460 |a BIBGIM |b BIBGIM |d 2019-11-15 |i 361431K |o 338.91 HER 1982 |p 361431K |r 2025-01-15 |w 2019-11-15 |y BK |k ORI | ||
| 952 | |0 0 |1 0 |4 0 |6 338_910000000000000_HER_1982 |7 0 |8 P |9 205461 |a BIBEDU |b BIBEDU |c BIBEDU_PB |d 2019-11-15 |i 3950212 |o 338.91 HER 1982 |p 3950212 |r 2024-01-25 |w 2019-11-15 |y BK |k BME | ||